00646nam a2200217 a 4500006001800000007000300018008004100021020003000062040001200092041000800104044000700112082002300119100001500142245007800157260005600235300002000291650003100311650004000342650003900382852000700421a||||gr|||| 001 0ta240322t1996 ii gr 001 0 eng|d a9780803992740cRs. 945.00 aKObeng0 aeng aii04a370.113bR18052231 aRao, T. V.10aHuman resources development b: experiences, interventions, strategies /  aNew Delhi :bSage Publications India Pvt Ltd,c1996 a394 p. ;c25 cm 0aSocial planningvTextbooks 0aHuman servicesxPlanningvTextbooks 0aHuman capitalxPlanningvTextbooks aKO